[Event "RUS-chT Clubs U18"]
[Site "Rybinsk"]
[Date "2009.08.03"]
[Round "2"]
[White "Stepanov, Nikita"]
[Black "Toropov, Pavel"]
[Result "1-0"]
[WhiteElo "1984"]
[BlackElo "2187"]
[PlyCount "57"]
[EventDate "2009.08.02"]
[EventType "team-swiss"]
[EventRounds "9"]
[EventCountry "RUS"]
[SourceTitle "CBM 131 Extra"]
[Source "ChessBase"]
[SourceDate "2009.09.03"]
[SourceVersion "2"]
[SourceVersionDate "2009.09.16"]
[SourceQuality "1"]

1. d4 d5 2. c4 dxc4 3. e3 e5 4. Bxc4 exd4 5. exd4 Nf6 6. Nf3 Be7 7. 0-0 0-0 8. Nc3 Bg4 9. h3 Bh5 10. g4 Bg6 11. Ne5 c6 12. f4 b5 13. Be2 b4 14. f5 bxc3 15. fxg6 hxg6 16. bxc3 Qc7 17. Bf4 Bd6 18. Bc4 Nd5 19. Qf3 Bxe5 20. Bxe5 Qd7 21. Bd3 Re8 22. c4 Nb4 23. Be4 f6 24. Bxg6 fxe5 25. Bf7+ Kh8 26. g5 Re6 27. Bxe6 Qxe6 28. Qh5+ Kg8 29. g6 1-0

[Event "RUS-chB U16"]
[Site "Dagomys"]
[Date "2009.04.19"]
[Round "5"]
[White "Gurov, Rodion"]
[Black "Stepanov, Nikita"]
[Result "0-1"]
[WhiteElo "2078"]
[BlackElo "1938"]
[PlyCount "184"]
[EventDate "2009.04.15"]
[EventType "swiss"]
[EventRounds "9"]
[EventCountry "RUS"]
[SourceTitle "EXT 2010"]
[Source "ChessBase"]
[SourceDate "2010.11.25"]
[SourceVersion "1"]
[SourceVersionDate "2010.11.25"]
[SourceQuality "1"]

1. d4 Nf6 2. c4 e5 3. dxe5 Ng4 4. e4 Nxe5 5. f4 Bb4+ 6. Bd2 Bxd2+ 7. Qxd2 Nec6 8. Nf3 d6 9. Be2 0-0 10. 0-0 Nd7 11. Nc3 Nc5 12. Nd4 Bd7 13. Bf3 f6 14. Rad1 Re8 15. Nxc6 Bxc6 16. b4 Ne6 17. f5 Ng5 18. b5 Bd7 19. Qd5+ Kh8 20. Qxb7 Re5 21. Rd5 Nf7 22. Bh5 Rxd5 23. Qxd5 Ne5 24. Rd1 Qf8 25. a4 Rb8 26. Qd4 a6 27. Qa7 Qc8 28. Be2 Ra8 29. Qd4 Be8 30. c5 axb5 31. axb5 dxc5 32. Qxc5 Bf7 33. Rc1 Qb7 34. Nd5 Bxd5 35. Qxd5 Rb8 36. Kf2 Qb6+ 37. Qc5 Qxc5+ 38. Rxc5 Rb7 39. Ke3 Kg8 40. Kd4 Kf7 41. Rc2 Ke7 42. Kc5 Ra7 43. Bc4 Nd7+ 44. Kb4 Ne5 45. Be6 Nd3+ 46. Kc4 Ne5+ 47. Kb3 Kd6 48. Rd2+ Kc5 49. Bd7 Ra3+ 50. Kxa3 Nc4+ 51. Ka2 Nxd2 52. Kb2 Nxe4 53. Kc2 Nd6 54. Kd3 Nxb5 55. h4 Nd6 56. Be6 Nb5 57. Ke4 Nd4 58. Ba2 Nc6 59. g4 h6 60. Be6 Kd6 61. Kf4 Ne5 62. g5 c5 63. gxf6 gxf6 64. Ke4 c4 65. Kd4 Nf3+ 66. Kxc4 Ke5 67. h5 Nd4 68. Bf7 Nxf5 69. Kd3 Kf4 70. Ke2 Kg5 71. Kf3 Ng7 72. Bd5 Nxh5 73. Bf7 f5 74. Be8 Nf6 75. Bc6 h5 76. Kg3 Ng4 77. Bf3 Ne5 78. Be2 Ng6 79. Bf3 h4+ 80. Kh3 Nf4+ 81. Kh2 Kf6 82. Kg1 Ke5 83. Kf2 Nh3+ 84. Ke3 f4+ 85. Kd3 Kf5 86. Kd2 Ng5 87. Bh1 Kg4 88. Ke2 Kg3 89. Kf1 f3 90. Kg1 h3 91. Bxf3 Nxf3+ 92. Kh1 Ne5 0-1

[Event "RUS-chB U16"]
[Site "Dagomys"]
[Date "2009.04.16"]
[Round "2"]
[White "Stepanov, Nikita"]
[Black "Mandrikov, Sergey"]
[Result "1-0"]
[WhiteElo "1938"]
[BlackElo "2083"]
[PlyCount "157"]
[EventDate "2009.04.15"]
[EventType "swiss"]
[EventRounds "9"]
[EventCountry "RUS"]
[SourceTitle "EXT 2010"]
[Source "ChessBase"]
[SourceDate "2010.11.25"]
[SourceVersion "1"]
[SourceVersionDate "2010.11.25"]
[SourceQuality "1"]

1. d4 Nf6 2. c4 g6 3. Nc3 Bg7 4. e4 d6 5. Nf3 0-0 6. h3 Nbd7 7. Be3 e5 8. d5 Nh5 9. g3 a5 10. Be2 b6 11. Nd2 Nhf6 12. Bg4 h5 13. Bxd7 Qxd7 14. Qe2 a4 15. f3 Ba6 16. g4 Rfb8 17. Kf2 b5 18. cxb5 Bxb5 19. Nxb5 Rxb5 20. b3 c6 21. dxc6 Qxc6 22. Rhc1 Qd7 23. bxa4 Rb2 24. Rcb1 Rxb1 25. Rxb1 d5 26. exd5 Qxd5 27. Qc4 Qd7 28. Qb5 Qd8 29. g5 Nd5 30. Qd3 Qd7 31. Rb5 Rd8 32. Ne4 Qc6 33. Kg3 Rd7 34. Rc5 Qe6 35. Qb3 h4+ 36. Kxh4 Nxe3 37. Qxe3 Rd4 38. Kg3 Rxa4 39. Qb3 Qa6 40. Rc8+ Qxc8 41. Qxa4 Qc1 42. Qa8+ Bf8 43. Qa7 Qf4+ 44. Kg2 Kg7 45. a4 Ba3 46. a5 Bb2 47. a6 Bd4 48. Qxd4 exd4 49. a7 Qc1 50. a8Q Qc2+ 51. Nf2 Qc5 52. Qd8 Qb4 53. Qf6+ Kg8 54. Qf4 Qc3 55. Qe4 Qc5 56. h4 Qc3 57. Kg3 Qc7+ 58. Kg2 Qc3 59. Qd3 Qb2 60. Kg3 Qa1 61. Ng4 Qa7 62. Kf4 Qc5 63. Ke4 Qf5+ 64. Kxd4 Qf4+ 65. Qe4 Qd2+ 66. Ke5 Qc3+ 67. Kf4 Qc1+ 68. Qe3 Qc7+ 69. Ne5 Qd6 70. Kg3 Qd1 71. Ng4 Qf1 72. f4 Qb1 73. h5 gxh5 74. Nf6+ Kg7 75. Nxh5+ Kf8 76. Qa3+ Kg8 77. Qa8+ Kh7 78. Nf6+ Kg6 79. Qg8+ 1-0

[Event "Samara op"]
[Site "Samara"]
[Date "2008.12.10"]
[Round "6"]
[White "Strokov, Anatoli"]
[Black "Stepanov, Nikita"]
[Result "1/2-1/2"]
[WhiteElo "2140"]
[BlackElo "1896"]
[PlyCount "92"]
[EventDate "2008.12.05"]
[EventType "swiss"]
[EventRounds "9"]
[EventCountry "RUS"]
[SourceTitle "CBM 127 Extra"]
[Source "ChessBase"]
[SourceDate "2009.01.08"]
[SourceVersion "2"]
[SourceVersionDate "2009.01.28"]
[SourceQuality "1"]

1. e4 e6 2. d4 d5 3. Nd2 a6 4. Ngf3 c5 5. dxc5 Bxc5 6. Nb3 Bb6 7. exd5 exd5 8. Bg5 Nf6 9. Bd3 0-0 10. 0-0 h6 11. Bh4 g5 12. Bg3 Ne4 13. Nfd4 Nc6 14. c3 Qf6 15. Bc2 Bd7 16. a4 Rfe8 17. Re1 Rac8 18. Bxe4 dxe4 19. a5 Nxd4 20. cxd4 Ba7 21. Nc5 Bxc5 22. dxc5 Bc6 23. Qb3 Re6 24. Rad1 Rce8 25. Rd6 Qf5 26. Rxe6 Rxe6 27. Qc4 Qd5 28. Qxd5 Bxd5 29. Rd1 Bc6 30. Rd6 Rxd6 31. cxd6 f6 32. f3 exf3 33. gxf3 Kf7 34. Kf2 Ke6 35. Ke3 f5 36. f4 g4 37. Bh4 Kxd6 38. Kd4 Be4 39. Be1 h5 40. b4 Bd5 41. Bh4 Be4 42. Bd8 Kc6 43. Be7 Kb5 44. Ke3 h4 45. Bxh4 Kxb4 46. Bd8 Kb5 1/2-1/2

[Event "Samara op"]
[Site "Samara"]
[Date "2008.12.06"]
[Round "2"]
[White "Sayapin, Alexander"]
[Black "Stepanov, Nikita"]
[Result "1-0"]
[WhiteElo "2069"]
[BlackElo "1896"]
[PlyCount "51"]
[EventDate "2008.12.05"]
[EventType "swiss"]
[EventRounds "9"]
[EventCountry "RUS"]
[SourceTitle "CBM 127 Extra"]
[Source "ChessBase"]
[SourceDate "2009.01.08"]
[SourceVersion "2"]
[SourceVersionDate "2009.01.28"]
[SourceQuality "1"]

1. e4 e6 2. d4 d5 3. e5 c5 4. Nf3 Nc6 5. Bd3 cxd4 6. 0-0 Nge7 7. Re1 Ng6 8. a3 Be7 9. Nbd2 f6 10. Bxg6+ hxg6 11. Qe2 g5 12. Nb3 fxe5 13. Nxe5 Bf6 14. f4 Rh4 15. g3 Rh8 16. Qd3 gxf4 17. Qg6+ Ke7 18. Qf7+ Kd6 19. Bxf4 Bxe5 20. Rxe5 Nxe5 21. Bxe5+ Kc6 22. Nxd4+ Kb6 23. Qf2 Qf8 24. Qe3 Qc5 25. b4 Qc4 26. a4 1-0

[Event "Nezhmetdinov Memorial 30th"]
[Site "Kazan"]
[Date "2008.06.07"]
[Round "7"]
[White "Pranizin, Gennady"]
[Black "Stepanov, Nikita"]
[Result "1-0"]
[WhiteElo "2086"]
[BlackElo "1834"]
[PlyCount "27"]
[EventDate "2008.06.01"]
[EventType "swiss"]
[EventRounds "9"]
[EventCountry "RUS"]
[SourceTitle "EXT 2009"]
[Source "ChessBase"]
[SourceDate "2008.11.26"]
[SourceVersion "1"]
[SourceVersionDate "2008.11.26"]
[SourceQuality "1"]

1. e4 e6 2. d4 d5 3. Nc3 Bb4 4. Nge2 dxe4 5. a3 Be7 6. Nxe4 Nf6 7. N2c3 Nbd7 8. Bd3 b6 9. Qf3 Rb8 10. Bf4 0-0 11. 0-0 Bb7 12. Rad1 a6 13. Rfe1 Rc8 14. Nxf6+ 1-0

[Event "Nezhmetdinov Memorial 30th"]
[Site "Kazan"]
[Date "2008.06.06"]
[Round "6"]
[White "Stepanov, Nikita"]
[Black "Vasilov, Artur"]
[Result "0-1"]
[WhiteElo "1834"]
[BlackElo "2205"]
[PlyCount "56"]
[EventDate "2008.06.01"]
[EventType "swiss"]
[EventRounds "9"]
[EventCountry "RUS"]
[SourceTitle "EXT 2009"]
[Source "ChessBase"]
[SourceDate "2008.11.26"]
[SourceVersion "1"]
[SourceVersionDate "2008.11.26"]
[SourceQuality "1"]

1. c4 c5 2. Nc3 Nc6 3. Nf3 g6 4. g3 Bg7 5. Bg2 e6 6. e4 d6 7. 0-0 Nge7 8. d3 0-0 9. Be3 Nd4 10. Ne1 Nec6 11. f4 a6 12. Rb1 Rb8 13. a3 b5 14. b4 cxb4 15. axb4 Bb7 16. Ne2 f5 17. Nc2 Nxc2 18. Qxc2 Rc8 19. c5 dxc5 20. Bxc5 Nd4 21. Qa2 Nxe2+ 22. Qxe2 Bd4+ 23. Bxd4 Qxd4+ 24. Qf2 Rfd8 25. exf5 Rc2 26. Bxb7 Rxf2 27. Rxf2 gxf5 28. Bxa6 Qb6 0-1

[Event "Nezhmetdinov Memorial 30th"]
[Site "Kazan"]
[Date "2008.06.05"]
[Round "5"]
[White "Zlachevskiy, Leonid"]
[Black "Stepanov, Nikita"]
[Result "1/2-1/2"]
[WhiteElo "2141"]
[BlackElo "1834"]
[PlyCount "56"]
[EventDate "2008.06.01"]
[EventType "swiss"]
[EventRounds "9"]
[EventCountry "RUS"]
[SourceTitle "EXT 2009"]
[Source "ChessBase"]
[SourceDate "2008.11.26"]
[SourceVersion "1"]
[SourceVersionDate "2008.11.26"]
[SourceQuality "1"]

1. Nf3 d5 2. d4 c6 3. g3 Nf6 4. Bg2 Bf5 5. 0-0 h6 6. Nbd2 e6 7. Re1 Be7 8. Ne5 0-0 9. h3 Nbd7 10. Ndf3 c5 11. c3 Rc8 12. Be3 a6 13. Kh2 b5 14. Nxd7 Nxd7 15. dxc5 Nxc5 16. Nd4 Bh7 17. Nb3 Na4 18. Qd2 b4 19. Bd4 bxc3 20. bxc3 Ba3 21. Bxg7 Kxg7 22. Qd4+ Qf6 23. Qxa4 Bb2 24. Rad1 Bxc3 25. Rf1 Bc2 26. Rc1 Bb2 27. Rce1 Bc3 28. Rc1 Bb2 1/2-1/2

[Event "Kazan Region-ch 6th"]
[Site "Kazan"]
[Date "2008.01.28"]
[Round "6"]
[White "Pavlov, Denis"]
[Black "Stepanov, Nikita"]
[Result "1-0"]
[WhiteElo "2292"]
[BlackElo "1774"]
[PlyCount "65"]
[EventDate "2008.01.23"]
[EventType "swiss"]
[EventRounds "9"]
[EventCountry "RUS"]
[SourceTitle "CBM 122 Extra"]
[Source "ChessBase"]
[SourceDate "2008.03.04"]
[SourceVersion "1"]
[SourceVersionDate "2008.03.04"]
[SourceQuality "1"]

1. e4 e6 2. d4 d5 3. Nd2 a6 4. Ngf3 c5 5. c3 Nc6 6. Bd3 Nf6 7. 0-0 cxd4 8. cxd4 Be7 9. a3 dxe4 10. Nxe4 0-0 11. Nc3 b5 12. Bc2 Bb7 13. Qd3 Re8 14. Re1 Rc8 15. d5 exd5 16. Bg5 g6 17. Rxe7 Qxe7 18. Nxd5 Nxd5 19. Bxe7 Ncxe7 20. Bb3 Nf4 21. Qd2 Bxf3 22. Bxf7+ Kxf7 23. Qxf4+ Nf5 24. Qxf3 Kg7 25. h3 Re7 26. Rd1 Rce8 27. Qc3+ Kg8 28. g4 Ng7 29. Rd6 Re6 30. Rd7 R8e7 31. Rxe7 Rxe7 32. Qc8+ Ne8 33. Qxa6 1-0

[Event "Kazan Region-ch 6th"]
[Site "Kazan"]
[Date "2008.01.27"]
[Round "5"]
[White "Stepanov, Nikita"]
[Black "Askarov, Marat"]
[Result "0-1"]
[WhiteElo "1774"]
[BlackElo "2521"]
[PlyCount "62"]
[EventDate "2008.01.23"]
[EventType "swiss"]
[EventRounds "9"]
[EventCountry "RUS"]
[SourceTitle "CBM 122 Extra"]
[Source "ChessBase"]
[SourceDate "2008.03.04"]
[SourceVersion "1"]
[SourceVersionDate "2008.03.04"]
[SourceQuality "1"]

1. d4 Nf6 2. c4 e6 3. Nc3 d5 4. cxd5 exd5 5. Bg5 Nbd7 6. e3 c6 7. Bd3 Bd6 8. Nf3 h6 9. Bh4 0-0 10. 0-0 Qb6 11. Qc2 Re8 12. Bg3 Bxg3 13. hxg3 Ng4 14. a3 Ndf6 15. b4 Bd7 16. Na4 Qc7 17. Nc5 Bc8 18. Bf5 b6 19. Bxc8 Raxc8 20. Nd3 Ne4 21. Nfe5 Nxe5 22. Nxe5 c5 23. Rac1 c4 24. Nd3 Qd6 25. Nf4 a5 26. bxa5 bxa5 27. Qa4 Ra8 28. Qb5 Red8 29. Rc2 a4 30. Rfc1 g5 31. Nh5 Rdb8 0-1

[Event "Kazan Region-ch 6th"]
[Site "Kazan"]
[Date "2008.01.25"]
[Round "3"]
[White "Stepanov, Nikita"]
[Black "Tukhvatullin, Timur"]
[Result "1/2-1/2"]
[WhiteElo "1774"]
[BlackElo "2248"]
[PlyCount "61"]
[EventDate "2008.01.23"]
[EventType "swiss"]
[EventRounds "9"]
[EventCountry "RUS"]
[SourceTitle "CBM 122 Extra"]
[Source "ChessBase"]
[SourceDate "2008.03.04"]
[SourceVersion "1"]
[SourceVersionDate "2008.03.04"]
[SourceQuality "1"]

1. e4 Nf6 2. e5 Nd5 3. d4 d6 4. c4 Nb6 5. exd6 cxd6 6. Nc3 g6 7. Be3 Bg7 8. Rc1 0-0 9. b3 Nc6 10. d5 Ne5 11. Be2 f5 12. f4 Nf7 13. Nf3 e5 14. dxe6 Bxe6 15. 0-0 Re8 16. Bd4 Nd7 17. Bxg7 Kxg7 18. Nd4 Nf6 19. Bf3 Qb6 20. Kh1 Re7 21. Nxe6+ Rxe6 22. Nd5 Nxd5 23. Bxd5 Re3 24. Bxf7 Kxf7 25. Qd5+ Kf6 26. Rfe1 Rae8 27. Rxe3 Rxe3 28. Qg8 Qc7 29. Qh8+ Qg7 30. Qd8+ Qe7 31. Qh8+ 1/2-1/2

[Event "Kazan Region-ch 6th"]
[Site "Kazan"]
[Date "2008.01.24"]
[Round "2"]
[White "Gazizov, Iljas"]
[Black "Stepanov, Nikita"]
[Result "0-1"]
[WhiteElo "2150"]
[BlackElo "1774"]
[PlyCount "66"]
[EventDate "2008.01.23"]
[EventType "swiss"]
[EventRounds "9"]
[EventCountry "RUS"]
[SourceTitle "CBM 122 Extra"]
[Source "ChessBase"]
[SourceDate "2008.03.04"]
[SourceVersion "1"]
[SourceVersionDate "2008.03.04"]
[SourceQuality "1"]

1. d4 Nf6 2. c4 c5 3. Nf3 cxd4 4. Nxd4 e5 5. Nb3 d5 6. cxd5 Nxd5 7. g3 Nc6 8. Bg2 Be6 9. 0-0 Be7 10. Bd2 0-0 11. Nc3 Nxc3 12. Bxc3 Qb6 13. Nd2 Rfd8 14. e3 Bb4 15. Qc2 Rac8 16. Ne4 Bxc3 17. Nxc3 Nd4 18. exd4 exd4 19. Rab1 Bxa2 20. Ra1 Bb3 21. Qc1 dxc3 22. bxc3 Bd5 23. Rb1 Qc6 24. Bxd5 Rxd5 25. Qe3 b6 26. Rfc1 h6 27. Qe7 Qc7 28. Qb4 Rc5 29. Rb3 Qd7 30. Ra3 Qd2 31. Rf1 Rxc3 32. Rxc3 Qxc3 33. Qa4 a5 0-1

[Event "PriFR-ch U16"]
[Site "Gorodets"]
[Date "2007.11.??"]
[Round "2"]
[White "Toropov, Pavel"]
[Black "Stepanov, Nikita"]
[Result "1-0"]
[WhiteElo "2173"]
[BlackElo "1632"]
[PlyCount "59"]
[EventDate "2007.11.02"]
[EventType "swiss"]
[EventRounds "9"]
[EventCountry "RUS"]
[SourceTitle "EXT 2022"]
[Source "ChessBase"]
[SourceDate "2021.10.06"]
[SourceVersion "1"]
[SourceVersionDate "2021.10.06"]
[SourceQuality "1"]

1. e4 e6 2. d4 d5 3. e5 c5 4. c3 Nc6 5. Nf3 Qb6 6. a3 c4 7. Be2 Bd7 8. Nbd2 Na5 9. 0-0 Ne7 10. Rb1 Qc7 11. Re1 Nc8 12. Nf1 Nb6 13. Bf4 0-0-0 14. h4 h6 15. Qd2 Ba4 16. Bg3 Qc6 17. h5 Bb3 18. Nh4 Qb5 19. Bg4 Ba2 20. Rbd1 Na4 21. Re2 Bb3 22. Rde1 Qe8 23. f4 g6 24. Rf2 Nb6 25. Ne3 Ba4 26. Qe2 Rg8 27. Bh3 Bd7 28. Ng4 Be7 29. hxg6 fxg6 30. Nf6 1-0

[Event "Arctic Cup 3rd"]
[Site "Salekhard"]
[Date "2007.10.16"]
[Round "9"]
[White "Yamszhchikov, Alexey"]
[Black "Stepanov, Nikita"]
[Result "1/2-1/2"]
[WhiteElo "2095"]
[BlackElo "1632"]
[PlyCount "44"]
[EventDate "2007.10.08"]
[EventType "team-tourn"]
[EventRounds "11"]
[EventCountry "RUS"]
[SourceTitle "CBM 120 Extra"]
[Source "ChessBase"]
[SourceDate "2007.11.01"]
[SourceVersion "1"]
[SourceVersionDate "2007.11.01"]
[SourceQuality "1"]

1. Nf3 d5 2. b3 Bf5 3. e3 e6 4. Bb2 Nf6 5. Be2 h6 6. 0-0 Be7 7. d3 0-0 8. Ne5 Nbd7 9. f4 Nxe5 10. fxe5 Nd7 11. Bg4 Bh7 12. Nd2 c5 13. Qf3 Qc7 14. Qg3 b5 15. Nf3 c4 16. Rad1 Nc5 17. dxc4 bxc4 18. Nd4 Ne4 19. Qh3 Ng5 20. Qg3 Ne4 21. Qh3 Ng5 22. Qg3 Ne4 1/2-1/2

[Event "Arctic Cup 3rd"]
[Site "Salekhard"]
[Date "2007.10.14"]
[Round "7"]
[White "Stepanov, Nikita"]
[Black "Straka, Jozef1"]
[Result "1-0"]
[WhiteElo "1632"]
[BlackElo "2039"]
[PlyCount "99"]
[EventDate "2007.10.08"]
[EventType "team-tourn"]
[EventRounds "11"]
[EventCountry "RUS"]
[SourceTitle "CBM 120 Extra"]
[Source "ChessBase"]
[SourceDate "2007.11.01"]
[SourceVersion "1"]
[SourceVersionDate "2007.11.01"]
[SourceQuality "1"]

1. d4 d5 2. c4 e6 3. Nc3 Nf6 4. cxd5 exd5 5. Bg5 Be7 6. e3 c6 7. Bd3 0-0 8. Qc2 Nbd7 9. Nf3 Re8 10. 0-0 Nf8 11. Bxf6 Bxf6 12. b4 b6 13. Ne2 Bb7 14. Rab1 Rc8 15. Rfc1 g6 16. Qd2 Ne6 17. a4 h5 18. a5 h4 19. Nc3 h3 20. g3 Kg7 21. Bf1 Rh8 22. Na4 Rh5 23. a6 Ba8 24. Rc2 c5 25. bxc5 bxc5 26. Nxc5 Nxc5 27. Rxc5 Rxc5 28. dxc5 d4 29. Nxd4 Qd5 30. f3 Be5 31. Rc1 Bc6 32. Rc2 Bc7 33. Nxc6 Qxc6 34. Qd4+ Kh7 35. Qe4 Qd7 36. c6 Qd1 37. Qe7 Qxc2 38. Qxf7+ Kh6 39. Qxc7 Rd5 40. Qc8 Kg7 41. Qc7+ Kh8 42. Qb8+ Kg7 43. Qxa7+ Kh6 44. Qa8 Qc3 45. Qf8+ Kh5 46. g4+ Kh4 47. Qh6+ Rh5 48. gxh5 g5 49. Qe6 Qe1 50. Qxh3# 1-0

[Event "Arctic Cup 3rd"]
[Site "Salekhard"]
[Date "2007.10.11"]
[Round "4"]
[White "Tan, Jonathan1"]
[Black "Stepanov, Nikita"]
[Result "0-1"]
[WhiteElo "2138"]
[BlackElo "1632"]
[PlyCount "94"]
[EventDate "2007.10.08"]
[EventType "team-tourn"]
[EventRounds "11"]
[EventCountry "RUS"]
[SourceTitle "CBM 120 Extra"]
[Source "ChessBase"]
[SourceDate "2007.11.01"]
[SourceVersion "1"]
[SourceVersionDate "2007.11.01"]
[SourceQuality "1"]

1. e4 e6 2. d4 d5 3. Nc3 Bb4 4. e5 Ne7 5. Qg4 Kf8 6. Nf3 b6 7. h4 h5 8. Qf4 Ng6 9. Qg3 Ba6 10. Bxa6 Nxa6 11. 0-0 c5 12. Nb5 cxd4 13. Nbxd4 Qe8 14. Ng5 Bc5 15. Be3 Nb8 16. c4 Bxd4 17. Bxd4 Nc6 18. Rad1 dxc4 19. Ne4 Nce7 20. Nd6 Nf5 21. Qf3 Nxd6 22. exd6 Rd8 23. Qc3 e5 24. Rfe1 f6 25. Qb4 Qe6 26. Bc3 Kf7 27. Re4 Rd7 28. Rxc4 Rhd8 29. Rc6 Nf4 30. Qc4 Qxc4 31. Rxc4 Ke6 32. Bb4 a5 33. Ba3 b5 34. Rxf4 exf4 35. Bc5 Rc8 36. b4 axb4 37. Bxb4 Rc4 38. a3 Rxb4 39. axb4 Rxd6 40. Re1+ Kf5 41. Rc1 Rd5 42. f3 Kg6 43. Rb1 Rd4 44. Rb2 Kf7 45. Kf2 g5 46. g3 fxg3+ 47. Kxg3 Rxh4 0-1

[Event "Arctic Cup 3rd"]
[Site "Salekhard"]
[Date "2007.10.08"]
[Round "1"]
[White "Stepanov, Nikita"]
[Black "Gusarov, Grigory"]
[Result "0-1"]
[WhiteElo "1632"]
[BlackElo "2159"]
[PlyCount "106"]
[EventDate "2007.10.08"]
[EventType "team-tourn"]
[EventRounds "11"]
[EventCountry "RUS"]
[SourceTitle "CBM 120 Extra"]
[Source "ChessBase"]
[SourceDate "2007.11.01"]
[SourceVersion "1"]
[SourceVersionDate "2007.11.01"]
[SourceQuality "1"]

1. d4 Nf6 2. c4 c5 3. d5 e6 4. Nc3 exd5 5. cxd5 Bd6 6. Nf3 0-0 7. g3 Re8 8. Bg2 b5 9. Nxb5 Qa5+ 10. Nc3 Ne4 11. Bd2 Nxd2 12. Qxd2 Ba6 13. 0-0 Bf8 14. Rfe1 d6 15. e4 Nd7 16. Rad1 g6 17. Bh3 Nb6 18. Qc2 Bg7 19. Nd2 Nc4 20. Nxc4 Bxc4 21. Bf1 Bxf1 22. Kxf1 Rab8 23. Re2 Re7 24. Qd3 Rb4 25. Rde1 Rb8 26. f4 Reb7 27. Nd1 Qxa2 28. e5 dxe5 29. fxe5 Rb4 30. e6 fxe6 31. dxe6 Rd4 32. Qa3 Rf8+ 33. Kg1 Qxa3 34. bxa3 Rd3 35. e7 Bd4+ 36. Kg2 Re8 37. a4 Bf6 38. Nf2 Rd7 39. Ng4 Bc3 40. Rc1 Bd4 41. Rxc5 h5 42. Ne5 Rdxe7 43. Rc6 Rxe5 44. Rxe5 Rxe5 45. Rxg6+ Kf7 46. Rd6 Bc5 47. Ra6 Bb6 48. Kh3 Ra5 49. Rxa5 Bxa5 50. Kh4 Kg6 51. g4 Be1+ 52. Kh3 h4 53. Kg2 Kg5 0-1